000 00280nam a2200121Ia 4500
100 _aHall & Stevens
942 _cBK
654 _aLinkage Design
245 _aKinematics & Linkage Design
260 _bPrentice Hall of India
_aNewDelhi
_c1964
300 _a162
546 _aENGLISH
999 _c24486
_d24486